000 00755nam a22003017a 4500
001 BR9508320
003 BR-BrBNA
005 20230928094742.0
007 ta
008 230509b bl.||||| |||| 00| 0 por d
040 _aBR-BrBNA
_bpor
_cBiblioteca Nacional de Agricultura
041 _a(Por)
072 _aQ70; T01
090 _ Q70 BR9508320
100 1 _aFreire, A.J. de S.
100 1 _aMaia, C.A.M.
100 1 _aPereira, I.M.
245 1 _aAvaliacao do impacto ambiental do PROALCOOL
260 3 _a[np](Brasil):
_c1982.
300 _a200 p.
650 _aVinhaca
650 _aResiduo Industrial
650 _aTratamento
650 _aMeio Ambiente
650 _aPoluicao
909 _a202309
_bLucia
_c55
_dLucia Elande
942 _cBK
999 _c52437
_d52437